000 01071nam a2200301 c 4500
003 BLK
005 20201126110544.0
008 180408b bul|||||r ||||||| ||bul||
010 _aKNG00080884000
020 _a978-954-529-517-1
_bиздат.: Колибри
040 _aBLK
041 _aBUL
_cBUL
080 _aФренска литература
_b821.133.1
_x-312.9
_z821.133.1-312.9
100 1 _aВербер, Бернар
_eпърви автор
_947602
700 1 _aГеоргиев, Иван
_eпрев. от фр.
_9364373
139 _aВербер, Бернар
_bВ 47
245 1 0 _aТанатонавтите
_cБернар Вербер; прев. от фр. Иван Георгиев.
257 _aFRA
260 София
_bКолибри
_c2007
_fСофия : Симолини
300 _a512 с.
_c20 см
380 _aX
500 _aОриг. загл. Les Thanatonautes / Bernard Werber
852 _aЦб 238024
856 4 _qpdf
_u
856 4 _qpdf
_u
942 _cKNG
_n0
_04
944 _aCR
_c29.01.2008
_kГеновева_Генчева
944 _aED
_c25.01.2010
_k
999 _c76452
_d76452